000 00333nam a2200145 a 4500
001 0001-1427
003 ELIB.Books
008 160924 2010 eng
035 _a(ELIB.Books)0001-1582
300 _c20.5 cm
856 _nKBTS Library
_uKBTS: ELIB
942 _2ddc
_cBK
998 _cbat
_e2016-09-24
999 _c11427
_d11427